Soccer Clubs Won UEFA Champions League in 1990s - Sudden Death - Statistics

General Stats
  • This quiz has been taken 60 times
  • The average score is 4 of 9
Answers on the Grid
Answers color-coded by a green-red scale on the quiz's grid according to % correct below.
AC MIlan
Ajax
Arsenal
Atletico Madrid
Bayern Munich
Borussia Dortmund
Celtic
FC Barcelona
FC Porto
Hamburger SV
Inter Milan
Juventus
Liverpool FC
Maeseille
Manchester United
PSG
PSV
Real Madrid
Redstar Belgrade
SL Benfica
Steaua Bucuresti
 
Answer Stats
Answer % Correct
AC MIlan
77%
Ajax
59%
Manchester United
54%
Borussia Dortmund
49%
Real Madrid
46%
FC Barcelona
44%
Maeseille
44%
Juventus
41%
Redstar Belgrade
33%
No matching quizzes found
Score Distribution
Percent of People with Each Score
Percentile by Number Answered
Your Score History
You have not taken this quiz